Laser light scattering (Record no. 10944)

MARC details
000 -LEADER
fixed length control field 00606nam a2200205Ia 4500
003 - CONTROL NUMBER IDENTIFIER
control field IN-BaIIA
008 - FIXED-LENGTH DATA ELEMENTS--GENERAL INFORMATION
fixed length control field 211028s9999 xx 000 0 eng d
020 ## - INTERNATIONAL STANDARD BOOK NUMBER
International Standard Book Number 0-12-174551-1
040 ## - CATALOGING SOURCE
Transcribing agency IIA Library
080 ## - UNIVERSAL DECIMAL CLASSIFICATION NUMBER
Universal Decimal Classification number 535.215.2
Item number CHU
100 ## - MAIN ENTRY--PERSONAL NAME
Personal name Chu, Benjamin
9 (RLIN) 8624
245 #0 - TITLE STATEMENT
Title Laser light scattering
Remainder of title basic principles and practice
Statement of responsibility, etc. Benjamin Chu
250 ## - EDITION STATEMENT
Edition statement 2nd ed.
260 ## - PUBLICATION, DISTRIBUTION, ETC.
Place of publication, distribution, etc. Boston
Name of publisher, distributor, etc. Academic Press
Date of publication, distribution, etc. 1991
300 ## - PHYSICAL DESCRIPTION
Extent ix, 343p.
650 ## - SUBJECT ADDED ENTRY--TOPICAL TERM
Topical term or geographic name entry element Laser Light Scattering
9 (RLIN) 18692
650 ## - SUBJECT ADDED ENTRY--TOPICAL TERM
Topical term or geographic name entry element Lasers
9 (RLIN) 3580
650 ## - SUBJECT ADDED ENTRY--TOPICAL TERM
Topical term or geographic name entry element NASA Thesaurus
942 ## - ADDED ENTRY ELEMENTS (KOHA)
Koha item type Books
Holdings
Withdrawn status Lost status Damaged status Not for loan Home library Current library Shelving location Date acquired Cost, normal purchase price Total Checkouts Full call number Barcode Date last seen Cost, replacement price Price effective from Koha item type Purchase Price
        IIA Library-Bangalore IIA Library-Bangalore General Stacks 23/02/1994 2654.34   535.215.2/ CHU 11856 05/11/2021 2654.34 23/02/1994 Books Rs. 2654.34

Powered by Koha